书目信息 |
| 书名: | an ugly little secret | |
| 作者: | ANDREW M. GREELEY. | |
| 分册号: | ||
| 分册名: | 出版地: | kANSAS : |
|
| 出版社: | SHEED ANDREWS AND MCMEEL, INC | |
| 出版时间: | 1977. | |
| 页数: | 120 p. ; | |
| 开本: | 20cm. | |
| 丛书名: | ||
| 中图分类号: | ||
| 科图分类号: | ||
| 其他分类号: | B978 | |
| 主题词: | ||
| 电子资源: | ||
| 000 | 00397nam 2200133 a 4500 | |
| 001 | E0730990921 | |
| 005 | 20070415085323.28 | |
| 008 | 070415s1977 00010 eng | |
| 040 | @aPFT@beng | |
| 090 | @aB978 | |
| 099 | @dB978@ex5 | |
| 245 | @aan ugly little secret@6anti-catholicism in north america / @cANDREW M. GREELEY. | |
| 260 | @akANSAS :@bSHEED ANDREWS AND MCMEEL, INC.,@c1977. | |
| 300 | @a120 p. ;@c20cm. | |
| an ugly little secret / ANDREW M. GREELEY.-kANSAS : : SHEED ANDREWS AND MCMEEL, INC., , 1977. |
| 120 p. ; ; 20cm. |
| ISBN |
| ● |
| 相关链接 |
|
|
|
|
正题名:an ugly little secret
索取号:B978/x5
 
预约/预借
| 序号 | 登录号 | 条形码 | 馆藏地/架位号 | 状态 | 备注 |
| 1 | 0003899 | 300038992 | 第二样本阅览室/ [索取号:B978/x5] | 在馆 |